000
00316nam a22001457a 4500
008
210312b ||||| |||| 00| 0 eng d
020
_a
9781305500853
041
_a
eng
080
_2
11th
_a
33
082
_2
11th
_a
33
100
_a
59
101
_a
BIZ
245
_a
Business Ethics
_c
Ferrell,C.O
942
_2
udc
_c
BK
999
_c
56604
_d
56604